000 02331nam a2200313 i 4500
001 151400
003 ES-MaACL
005 20251106063127.0
008 931025s1802 sp abc |||| | spa d
100 2 _aAlcalá Galiano, Dionisio,
_d1762-1805
_9125588
245 1 0 _aRelacion del viage hecho por las goletas Sutil y Mexicana en el año 1792 para reconocer el estrecho de Fuca :
_bcon una introduccion en que se da noticia de las expediciones executadas anteriormente por los españoles en busca del paso del Noroeste de la América.
246 3 _aAtlas para el viage de las goletas Sutil y Mexicana al reconocimiento del estrecho de Juan de Fuca en 1792
260 _aMadrid :
_ben la Imprenta Real,
_c1802.
300 _a2 v. ;
_c22, 31 cm.
530 _aDisponible en formato digital.
594 _aEl autor de la "Relación" es Dionisio Alcalá Galiano y el de la "Introducción" a la misma es Martín Fernández de Navarrete (p. I-CLXVII), y fue editor literario José Espinosa y Tello (menciones de responsabilidad tomadas de: Boletín de ANABAD, 1991, t. 41, n. 1, p. 154-157)
594 _aTít. del v. 2: "Atlas para el viage de las goletas Sutil y Mexicana al reconocimiento del estrecho de Juan de Fuca en 1792, publicado en 1802"
597 _a[I]. [16], CLXVIII, 185 p., [1] en bl., [1] h. pleg. ; 4º - Sign. : *8, a-x4, A-Z4, 2A1 ; [II]. [4] p., 17 h. de grab. calc. ; Fol.
597 _aPort. con esc. xil. real. La p. CLXVIII corresponde a la "Advertencia [sobre el uso del Atlas]"
599 _aLas h. de grab. del Atlas son grab. calc., la mayoría son mapas, algunas son retratos y otras variadas; algunas van firmadas por el grabador "Cardano" o "Selma". De ellas 6 son pleg. Están sin numerar las que serían n. 12-16.
650 4 _aNootkas (Indios)
_9168238
651 4 _aJuan de Fuca (Estrecho)-
_xDescubrimientos y exploraciones-
_xEspañoles.
_9168239
651 4 _aPaso del Noroeste-
_xDescubrimientos y exploraciones-
_xEspañoles.
_9169021
700 1 _aFernández de Navarrete, Martín,
_d1765-1844
_949698
700 2 _aEspinosa y Tello, José,
_d1763-1815
_9126966
852 4 _aES-MaACL
_jR-3160
_z- Enc. pasta española
_d- Olim: G-7528
856 4 _uhttp://bdh-rd.bne.es/viewer.vm?id=0000000653&page=1
_zBiblioteca Digital Hispánica
999 _c151400
_d151400